Handbook of personnel forms and records.

Bibliographic Details
Main Author: Ahern, Eileen
Format: Book
Language:English
Published: New York : American Management Association, [1949]
Series:American Management Association research report ; no. 16.
Subjects:

MARC

Tag First Indicator Second Indicator Subfields
LEADER 00000cam a2200000 4500
001 in00000224749
005 20151009081148.0
008 751217s1949 nyu 00000 eng d
010 |a  50000373  
035 |a (OCoLC)01896917 
035 |9 AAZ6295AM 
040 |a DLC  |c FQG  |d TXA  |d UtOrBLW 
049 |a TXAM  |c 1 [187943]  |c 2 [245754] 
050 0 0 |a HD21  |b .A6 no. 16 
082 0 |a 658.3 
100 1 |a Ahern, Eileen. 
245 1 0 |a Handbook of personnel forms and records. 
264 1 |a New York :  |b American Management Association,  |c [1949] 
264 4 |c ©1949 
300 |a 227 pages ;  |c 23 cm. 
336 |a text  |b txt  |2 rdacontent 
337 |a unmediated  |b n  |2 rdamedia 
338 |a volume  |b nc  |2 rdacarrier 
490 1 |a American Management Association. Research report ;  |v no. 16 
650 0 |a Personnel management  |v Forms. 
830 0 |a American Management Association research report ;  |v no. 16. 
999 |a MARS 
999 f f |s 9ae54b97-162d-3ffd-bfa8-6b8cf0ed8ad7  |i 8fb33385-9457-312a-91a8-71cb51a0b567  |t 0 
952 f f |p ric  |a Texas A&M University  |b Rellis Campus  |c Joint Library Facility  |d Remote Storage  |t 0  |e HD21 .A6 no. 16  |h Library of Congress classification  |i unmediated -- volume  |m A14802609328 
998 f f |a HD21 .A6 no. 16  |t 0  |l Remote Storage